000 01444nam a2200289 4500
003 CO-CtgCURN
005 20260320175435.0
007 ta
008 160627s2020 000 0 eng d
020 _a9789588993645
040 _aCO-CtgCURN
_bspa
_ccoctgcurn
082 0 _a614
_bA777
100 1 _aArrivillaga Quintero, Marcela,
_eeditora.
245 1 0 _aSalud pública :
_bteoría y aplicaciones /
_ceditora académica Marcela Arrivillaga Quintero.
260 _aBogotá :
_bManual Moderno,
_c2020.
300 _a468 páginas.
336 _2rdacontent
337 _2rdamedia
_asin mediacion
_bn
338 _2rdacarrier
_avolumen
_bnc
500 _aIncluye bibliografias e indice.
505 8 _aEnfoques y teorías en salud publica.--Equidad y derecho a ala salud.-- La clase social coo categoría analítica en salud pública.-- Género, feminismos y su relación con la salud pública.-- Los sistems de salud en el mundo.-- Epidemiología social y salud pública.-- Educación en el campo de la salud pública: una perspectiva transdisciplinar.-- De la vigilancia en alud pública a la seguridad humana.--Gestión en salud pública: perspectivas y retos.-- Principios de economía y salud
590 _aSalud Publica (Odontología)
650 1 4 _aSalud publica.
650 0 _aServicios de salud para la comunidad.
942 _cBK
_h614
_iA777
_2ddc
_n0
999 _c21883
_d21883